|
|
|
|
| LEADER |
01509nam a2200433 i 4500 |
| 001 |
nkc20233494609 |
| 003 |
CZ PrNK |
| 005 |
20230214115853.0 |
| 007 |
ta |
| 008 |
230119s2022 xr a b 000 j cze |
| 015 |
|
|
|a cnb003494609
|
| 020 |
|
|
|a 978-80-7530-399-8
|q (vázáno)
|
| 035 |
|
|
|a (OCoLC)1372329601
|
| 040 |
|
|
|a ABG001
|b cze
|d ABA001
|e rda
|
| 072 |
|
7 |
|a 821.162.3-3
|x Česká próza
|2 Konspekt
|9 25
|
| 072 |
|
7 |
|a 821-93
|x Literatura pro děti a mládež (beletrie)
|2 Konspekt
|9 26
|
| 080 |
|
|
|a 821.162.3-32
|2 MRF
|
| 080 |
|
|
|a 821-93
|2 MRF
|
| 080 |
|
|
|a (0:82-32)
|2 MRF
|
| 100 |
1 |
|
|a Wernischová, Helena,
|d 1942-
|7 jk01151616
|4 aut
|4 ill
|
| 245 |
1 |
0 |
|a Dobrodružství v Kryštofově Údolí /
|c Helena Wernischová, Radek Malý
|
| 250 |
|
|
|a Vydání první
|
| 264 |
|
1 |
|a [Praha] :
|b Malvern,
|c 2022
|
| 300 |
|
|
|a 103 stran :
|b ilustrace (převážně barevné) ;
|c 20 cm
|
| 336 |
|
|
|a text
|b txt
|2 rdacontent
|
| 337 |
|
|
|a bez média
|b n
|2 rdamedia
|
| 338 |
|
|
|a svazek
|b nc
|2 rdacarrier
|
| 655 |
|
7 |
|a české příběhy
|7 fd133973
|2 czenas
|
| 655 |
|
7 |
|a publikace pro děti
|7 fd133156
|2 czenas
|
| 655 |
|
9 |
|a Czech stories
|2 eczenas
|
| 655 |
|
9 |
|a children's literature
|2 eczenas
|
| 700 |
1 |
|
|a Malý, Radek,
|d 1977-
|7 xx0000314
|4 aut
|
| 910 |
2 |
|
|a BOA001
|b 1-1502.492
|
| 920 |
|
|
|a 4688972
|z ABG001
|
| 928 |
9 |
|
|a Jakub Hlaváček - Malvern
|
| 990 |
|
|
|a BK
|
| 995 |
|
|
|a 01
|
| 991 |
|
|
|b 202302
|c NOV
|
| 996 |
6 |
|
|b 2610929290
|c 1-1502.492
|l MZK
|r Sklad / do 1 hodiny
|n 2
|p p.v.
|w 001913143
|u 000010
|a 1
|e BOA001
|j MZK50
|s P
|